| 000 | 00545nam a2200157Ia 4500 | ||
|---|---|---|---|
| 008 | 230907s9999||||xx |||||||||||||| ||und|| | ||
| 082 |
_a620 _bHAM |
||
| 100 |
_aHamad Gohar (00000318657) _9116693 |
||
| 245 | 0 | _aInvestigating the characterization, kinetic mechanism, and thermodynamic behaviour of coal-biomass blends in co-pyrolysis process / | |
| 260 |
_aUSPCAS-E, NUST, _bIslamabad : _c2022 |
||
| 300 | _aix, 78 p. | ||
| 520 | _aTH-363 | ||
| 650 | _aMS-TEE Thesis MS Thesis | ||
| 700 |
_aDr. Asif Hussain Khoja _9117190 |
||
| 942 |
_cTHE _2ddc |
||
| 999 |
_c602041 _d602041 |
||